Statystyki dla Polskie kluby piłkarskie - GKS

Kliknij tutaj aby rozwiązać quiz!

Ogólne statystyki

  • Ten quiz został rozwiązany 228 razy
  • Średni wynik to 3 z 6

Statystyki odpowiedzi

Liga:Klub:Miasto / Miejscowość:% Poprawnych
2 ligaGKSKatowice
97%
1 ligaGKSTychy
86%
1 ligaGKSBełchatów
75%
1 ligaGKSJastrzębie
66%
3 liga, gr. 1GKSWikielec
10%
3 liga, gr. 2GKSPrzodkowo
9%

Rozkład punktacji

Percentyl według liczby udzielonych odpowiedzi

Procent ludzi z każdym wynikiem

Twoja historia wyników

Nie rozwiązałeś tego quizu